| 000 | 00719nam a2200205 u 4500 | ||
|---|---|---|---|
| 001 | 000337751 | ||
| 003 | AM-YeHGA | ||
| 005 | 20250618072116.0 | ||
| 008 | 040525s1973 ai r 000 0 arm d | ||
| 040 | _aAM-YeHGA | ||
| 041 | 0 | _aarm | |
| 100 | 1 |
_aՔոչարյան, Մելիք Թադևոսի, _d1911-1992 _91302 |
|
| 245 | 1 | 0 |
_aԳնդապետ Քաջիկ : _b[Վիպակ] / _cՄ.Թ. Քոչարյան; Խմբ.՝ Ռ.Հ. Քալաշյան. |
| 260 |
_aԵրևան : _bՀայաստան, _c1973. |
||
| 300 |
_a222 էջ ; _c16 սմ. |
||
| 650 | 1 | 4 |
_aՀայ գրականություն _bՎիպակ |
| 653 | 0 | _aՀայրենական մեծ պատերազմ | |
| 700 | 1 |
_aՔալաշյան, Ռ.Հ. _eխմբ. _4edt |
|
| 090 | _c128921 | ||
| 999 |
_c127558 _d127558 |
||